000 00451nam a2200157Ia 4500
003 OSt
005 20200706125439.0
008 190216s9999||||xx |||||||||||||| ||und||
040 _coclc
082 _a940
_bRAB/M
100 _aRabindranath, P
_93529
245 0 _aModern Europe 1789-1960 /
_cP Rabindranath
260 _bCommercial Literature Co,
_c1984.
_aGuntur:
300 _a228p
942 _cBK
_2ddc
_h940
_iRAB/M
_k940
_mRAB/M
999 _c19669
_d19669